<?xml version="1.0" encoding="UTF-8"?>
<record
    xmlns:xsi="http://www.w3.org/2001/XMLSchema-instance"
    xsi:schemaLocation="http://www.loc.gov/MARC21/slim http://www.loc.gov/standards/marcxml/schema/MARC21slim.xsd"
    xmlns="http://www.loc.gov/MARC21/slim">

  <leader>03475nam a2200733 a 4500</leader>
  <controlfield tag="008">240827e2004    ag a|||f |||| 001 0 spa d</controlfield>
  <datafield tag="020" ind1=" " ind2=" ">
    <subfield code="a">9505059509250155</subfield>
  </datafield>
  <datafield tag="041" ind1=" " ind2=" ">
    <subfield code="a">spa</subfield>
  </datafield>
  <datafield tag="092" ind1=" " ind2=" ">
    <subfield code="c">617.059</subfield>
    <subfield code="l">12</subfield>
    <subfield code="s">CIR</subfield>
  </datafield>
  <datafield tag="245" ind1=" " ind2=" ">
    <subfield code="a">Cirug&#xED;a videoasistida y percut&#xE1;nea para cirujanos generales /</subfield>
    <subfield code="c">Eduardo Saad.</subfield>
  </datafield>
  <datafield tag="250" ind1=" " ind2=" ">
    <subfield code="a">1a ed.</subfield>
  </datafield>
  <datafield tag="260" ind1=" " ind2=" ">
    <subfield code="a">Buenos Aires:</subfield>
    <subfield code="b">La Prensa M&#xE9;dica Argentina;</subfield>
    <subfield code="c">2004.</subfield>
  </datafield>
  <datafield tag="300" ind1=" " ind2=" ">
    <subfield code="a">430 p.</subfield>
    <subfield code="b">il.</subfield>
  </datafield>
  <datafield tag="500" ind1=" " ind2=" ">
    <subfield code="a">Saad, E. et al. ( 2004). Cirug&#xED;a videoasistida y percut&#xE1;nea para cirujanos generales. (1a ed.). Buenos Aires : La Prensa M&#xE9;dica Argentina.</subfield>
  </datafield>
  <datafield tag="653" ind1=" " ind2=" ">
    <subfield code="a">Concepto y alcances de la cirug&#xED;a invasiva m&#xED;nima.</subfield>
  </datafield>
  <datafield tag="653" ind1=" " ind2=" ">
    <subfield code="a">Preoperatorio y postoperatorio en cirug&#xED;a m&#xED;nima.</subfield>
  </datafield>
  <datafield tag="653" ind1=" " ind2=" ">
    <subfield code="a">El futuro de la cirug&#xED;a en el siglo XXI.</subfield>
  </datafield>
  <datafield tag="653" ind1=" " ind2=" ">
    <subfield code="a">Reflexiones sobre la cirug&#xED;a invasiva m&#xED;nima.</subfield>
  </datafield>
  <datafield tag="653" ind1=" " ind2=" ">
    <subfield code="a">Modelo experimental en la formaci&#xF3;n en cirug&#xED;a.</subfield>
  </datafield>
  <datafield tag="653" ind1=" " ind2=" ">
    <subfield code="a">H&#xED;gado, v&#xED;a biliar y p&#xE1;ncreas.</subfield>
  </datafield>
  <datafield tag="653" ind1=" " ind2=" ">
    <subfield code="a">Colecistectom&#xED;a laparosc&#xF3;pica.</subfield>
  </datafield>
  <datafield tag="653" ind1=" " ind2=" ">
    <subfield code="a">Colecistectom&#xED;a acusc&#xF3;pica.</subfield>
  </datafield>
  <datafield tag="653" ind1=" " ind2=" ">
    <subfield code="a">Colecistectom&#xED;a percut&#xE1;nea.</subfield>
  </datafield>
  <datafield tag="653" ind1=" " ind2=" ">
    <subfield code="a">Exploraci&#xF3;n tranc&#xED;stica de la v&#xED;a biliar.</subfield>
  </datafield>
  <datafield tag="653" ind1=" " ind2=" ">
    <subfield code="a">Coledocotom&#xED;a laparosc&#xF3;pica.</subfield>
  </datafield>
  <datafield tag="653" ind1=" " ind2=" ">
    <subfield code="a">Lesi&#xF3;n quir&#xFA;rgica de la v&#xED;a biliar,</subfield>
  </datafield>
  <datafield tag="653" ind1=" " ind2=" ">
    <subfield code="a">Anastomosis biliodigestivas por la videolasparoscop&#xED;a.</subfield>
  </datafield>
  <datafield tag="653" ind1=" " ind2=" ">
    <subfield code="a">Tratamiento laparosc&#xF3;pico de los quistes hep&#xE1;ticos.</subfield>
  </datafield>
  <datafield tag="653" ind1=" " ind2=" ">
    <subfield code="a">Tratamiento percut&#xE1;neo de tumores hep&#xE1;ticos.</subfield>
  </datafield>
  <datafield tag="653" ind1=" " ind2=" ">
    <subfield code="a">Paredes abdominales.</subfield>
  </datafield>
  <datafield tag="653" ind1=" " ind2=" ">
    <subfield code="a">Anatom&#xED;a quir&#xFA;rgico de la enfermedad por reflujo.</subfield>
  </datafield>
  <datafield tag="653" ind1=" " ind2=" ">
    <subfield code="a">Hernioplastia laparosc&#xF3;pica.</subfield>
  </datafield>
  <datafield tag="653" ind1=" " ind2=" ">
    <subfield code="a">Patolog&#xED;a del abdomen y del tubo digestivo.</subfield>
  </datafield>
  <datafield tag="653" ind1=" " ind2=" ">
    <subfield code="a">Cirug&#xED;a miniinvasiva en el reflujo gastroesof&#xE1;gico. Experiencia de diferentes centros quir&#xFA;rgicos.</subfield>
  </datafield>
  <datafield tag="653" ind1=" " ind2=" ">
    <subfield code="a">Ostom&#xED;as percut&#xE1;neas. Gastrotom&#xED;as, gastroyeyunostom&#xED;as, hepatoyeyunostomi&#xE1;s, ileostom&#xED;as y cecostomias.</subfield>
  </datafield>
  <datafield tag="653" ind1=" " ind2=" ">
    <subfield code="a">Banda g&#xE1;strica laparosc&#xF3;pica para el tratamiento de la obesidad m&#xF3;rbida.</subfield>
  </datafield>
  <datafield tag="653" ind1=" " ind2=" ">
    <subfield code="a">Adhesiolisis y enterolisis laparosc&#xF3;pica.</subfield>
  </datafield>
  <datafield tag="653" ind1=" " ind2=" ">
    <subfield code="a">Apendicectom&#xED;a laparosc&#xF3;pica.</subfield>
  </datafield>
  <datafield tag="653" ind1=" " ind2=" ">
    <subfield code="a">Stent expandibles met&#xE1;licos en el tubo digestivo superior.</subfield>
  </datafield>
  <datafield tag="653" ind1=" " ind2=" ">
    <subfield code="a">Tratamiento endoanal con stent de la oclusi&#xF3;n intestinal  neopl&#xE1;sica.</subfield>
  </datafield>
  <datafield tag="653" ind1=" " ind2=" ">
    <subfield code="a">Cirugia laparosc&#xF3;pica del colon y el recto.</subfield>
  </datafield>
  <datafield tag="653" ind1=" " ind2=" ">
    <subfield code="a">Abordaje videosc&#xF3;pico de los tumores retroperitoneales.</subfield>
  </datafield>
  <datafield tag="653" ind1=" " ind2=" ">
    <subfield code="a">Esplenectom&#xED;a laparosc&#xF3;pica</subfield>
  </datafield>
  <datafield tag="653" ind1=" " ind2=" ">
    <subfield code="a">Adrenalectom&#xED;a laparosc&#xF3;pica.</subfield>
  </datafield>
  <datafield tag="653" ind1=" " ind2=" ">
    <subfield code="a">Laparosc&#xF3;pia en la estadificaci&#xF3;n tumoral.</subfield>
  </datafield>
  <datafield tag="653" ind1=" " ind2=" ">
    <subfield code="a">Drenaje percut&#xE1;neo de colecciones abdominales.</subfield>
  </datafield>
  <datafield tag="653" ind1=" " ind2=" ">
    <subfield code="a">T&#xF3;rax</subfield>
  </datafield>
  <datafield tag="653" ind1=" " ind2=" ">
    <subfield code="a">Cirug&#xED;a t&#xF3;racica videoasistida en pulm&#xF3;n.</subfield>
  </datafield>
  <datafield tag="653" ind1=" " ind2=" ">
    <subfield code="a">Enfermedad intersticial de pulm&#xF3;n</subfield>
  </datafield>
  <datafield tag="653" ind1=" " ind2=" ">
    <subfield code="a">N&#xF3;dulo pulmona solitario. Tratamiento por videotoracoscop&#xED;a.</subfield>
  </datafield>
  <datafield tag="653" ind1=" " ind2=" ">
    <subfield code="a">Derrame pleural neopl&#xE1;sico.</subfield>
  </datafield>
  <datafield tag="653" ind1=" " ind2=" ">
    <subfield code="a">Tratamiento del neumot&#xF3;rax espont&#xE1;neo por videotoracoscop&#xED;a.</subfield>
  </datafield>
  <datafield tag="653" ind1=" " ind2=" ">
    <subfield code="a">Cirug&#xED;a toracovideoasistida. Su aplicaci&#xF3;n en la patolog&#xED;a mediastinal.</subfield>
  </datafield>
  <datafield tag="653" ind1=" " ind2=" ">
    <subfield code="a">Complicaciones de la cirug&#xED;a videotoracosc&#xF3;pica.</subfield>
  </datafield>
  <datafield tag="653" ind1=" " ind2=" ">
    <subfield code="a">Intervencionismo en t&#xF3;rax.</subfield>
  </datafield>
  <datafield tag="653" ind1=" " ind2=" ">
    <subfield code="a">Laparascop&#xED;a en el trauma.</subfield>
  </datafield>
  <datafield tag="653" ind1=" " ind2=" ">
    <subfield code="a">Biopsias por v&#xED;a percut&#xE1;nea.</subfield>
  </datafield>
  <datafield tag="653" ind1=" " ind2=" ">
    <subfield code="a">Intervencionismo vascular.</subfield>
  </datafield>
  <datafield tag="700" ind1="1" ind2=" ">
    <subfield code="t">Saad, Eduardo.</subfield>
    <subfield code="9">4211</subfield>
  </datafield>
  <datafield tag="700" ind1="1" ind2=" ">
    <subfield code="t">Perissat, Jacques.</subfield>
    <subfield code="9">4212</subfield>
  </datafield>
  <datafield tag="700" ind1="1" ind2=" ">
    <subfield code="t">Suhl, Arnoldo.</subfield>
    <subfield code="9">4213</subfield>
  </datafield>
  <datafield tag="700" ind1="1" ind2=" ">
    <subfield code="t">Gim&#xE9;nez, Mariano.</subfield>
    <subfield code="9">4214</subfield>
  </datafield>
  <datafield tag="942" ind1=" " ind2=" ">
    <subfield code="2">ddc</subfield>
    <subfield code="c">BK</subfield>
  </datafield>
  <datafield tag="999" ind1=" " ind2=" ">
    <subfield code="c">3197</subfield>
    <subfield code="d">3197</subfield>
  </datafield>
  <datafield tag="952" ind1=" " ind2=" ">
    <subfield code="0">0</subfield>
    <subfield code="1">0</subfield>
    <subfield code="2">ddc</subfield>
    <subfield code="4">0</subfield>
    <subfield code="7">0</subfield>
    <subfield code="a">BFM</subfield>
    <subfield code="b">BFM</subfield>
    <subfield code="c">CR</subfield>
    <subfield code="d">2024-08-26</subfield>
    <subfield code="e">Donaci&#xF3;n Verde Horacio. Agosto 2024</subfield>
    <subfield code="l">0</subfield>
    <subfield code="o">617.059 12 CIR</subfield>
    <subfield code="p">4913</subfield>
    <subfield code="r">2024-08-27</subfield>
    <subfield code="t">Ej.1</subfield>
    <subfield code="w">2024-08-27</subfield>
    <subfield code="y">BK</subfield>
    <subfield code="z">Donaci&#xF3;n Verde Horacio. Agosto 2024.</subfield>
    <subfield code="f"></subfield>
  </datafield>
</record>
